| Tag |
First Indicator |
Second Indicator |
Subfields |
| LEADER |
00000cam a22000004a 4500 |
| 001 |
in00002528613 |
| 005 |
20151113121853.0 |
| 008 |
090805s2009 nyuab b 001 0deng |
| 010 |
|
|
|a 2009032176
|
| 016 |
7 |
|
|a 015385133
|2 Uk
|
| 019 |
|
|
|a 548634227
|
| 020 |
|
|
|a 0316008958
|
| 020 |
|
|
|a 9780316008952
|
| 020 |
|
|
|a 0316014001 (pbk.)
|
| 020 |
|
|
|a 9780316014007 (pbk.)
|
| 029 |
1 |
|
|a AU@
|b 000044576372
|
| 035 |
|
|
|a (OCoLC)430522360
|
| 035 |
|
|
|a (OCoLC)ocn430522360
|
| 040 |
|
|
|a DLC
|c DLC
|d YDX
|d YDXCP
|d LMR
|d EDK
|d SGB
|d UtOrBLW
|
| 043 |
|
|
|a n-us---
|a a-ja---
|a ae-----
|
| 049 |
|
|
|a TXAM
|
| 050 |
0 |
0 |
|a VA58
|b .B69 2009
|
| 082 |
0 |
0 |
|a 359.4
|2 22
|
| 100 |
1 |
|
|a Bradley, James,
|d 1954-
|
| 245 |
1 |
4 |
|a The imperial cruise :
|b a secret history of empire and war /
|c James Bradley.
|
| 250 |
|
|
|a 1st ed.
|
| 264 |
|
1 |
|a New York, N.Y. :
|b Little, Brown and Co.,
|c 2009.
|
| 300 |
|
|
|a 387 pages :
|b illustrations, maps ;
|c 25 cm.
|
| 336 |
|
|
|a text
|b txt
|2 rdacontent
|
| 337 |
|
|
|a unmediated
|b n
|2 rdamedia
|
| 338 |
|
|
|a volume
|b nc
|2 rdacarrier
|
| 500 |
|
|
|a Maps on lining papers.
|
| 504 |
|
|
|a Includes bibliographical references (pages [337]-373) and index.
|
| 505 |
0 |
|
|a One hundred years later -- Civilization follows the sun -- Benevolent intentions -- Pacific Negroes -- Houles -- Honorary Aryans -- Playing Roosevelt's game -- The Japanese Monroe Doctrine for Asia -- The imperial cruise -- Roosevelt's open and closed doors -- Incognito in Japan -- Sellout in Seoul -- Following the Sun -- Notes -- Index.
|
| 520 |
|
|
|a From the Publisher: In 1905 President Teddy Roosevelt dispatched Secretary of War William Taft, his gun-toting daughter Alice and a gaggle of congressmen on a mission to Japan, the Philippines, China, and Korea. There, they would quietly forge a series of agreements that divided up Asia. At the time, Roosevelt was bully-confident about America's future on the continent. But these secret pacts lit the fuse that would-decades later-result in a number of devastating wars: WWII, the Korean War, the communist revolution in China. One hundred years later, James Bradley retraces that epic voyage and discovers the remarkable truth about America's vast imperial past-and its world-shaking consequences. Full of fascinating characters and brilliantly told, THE IMPERIAL CRUISE will forever reshape the way we understand U.S. history.
|
| 610 |
1 |
0 |
|a United States.
|b Navy
|x Cruise, 1905.
|
| 600 |
1 |
0 |
|a Roosevelt, Theodore,
|d 1858-1919.
|
| 600 |
1 |
0 |
|a Roosevelt, Theodore,
|d 1858-1919
|x Political and social views.
|
| 600 |
1 |
0 |
|a Taft, William H.
|q (William Howard),
|d 1857-1930.
|
| 651 |
|
0 |
|a United States
|x History, Naval
|y 20th century.
|
| 651 |
|
0 |
|a United States
|x Foreign relations
|z Japan.
|
| 651 |
|
0 |
|a Japan
|x Foreign relations
|z United States.
|
| 651 |
|
0 |
|a United States
|x Foreign relations
|z East Asia.
|
| 651 |
|
0 |
|a East Asia
|x Foreign relations
|z United States.
|
| 650 |
|
0 |
|a Imperialism
|x History
|y 20th century.
|
| 938 |
|
|
|a YBP Library Services
|b YANK
|n 3083487
|
| 945 |
|
|
|a PromptCat
|
| 946 |
|
|
|a qatar
|
| 947 |
|
|
|a Q14800269855
|
| 948 |
|
|
|a cataloged
|b h
|c 2009/12/9
|d c
|e ceaton
|f 1:32:33 pm
|
| 949 |
|
|
|a updated-AC Qatar
|b h
|c 2010/3/26
|e jhennen
|
| 994 |
|
|
|a 92
|b TXA
|
| 999 |
|
|
|a MARS
|
| 999 |
f |
f |
|s 845155e7-a077-3a88-9ef3-ed708085b700
|i 1e5597b0-233f-3024-a6a3-825f9a5d3266
|t 0
|
| 952 |
f |
f |
|p normal
|a Texas A&M University
|b Galveston Campus
|c Jack K. Williams Library
|d Galveston Stacks
|t 0
|e VA58 .B69 2009
|h Library of Congress classification
|i unmediated -- volume
|m 33620001190228
|
| 952 |
f |
f |
|p normal
|a Texas A&M University
|b College Station
|c Sterling C. Evans Library
|d Evans: Library Stacks
|t 0
|e VA58 .B69 2009
|h Library of Congress classification
|i unmediated -- volume
|m A14838956410
|
| 998 |
f |
f |
|a VA58 .B69 2009
|t 0
|l Galveston Stacks
|
| 998 |
f |
f |
|a VA58 .B69 2009
|t 0
|l Evans: Library Stacks
|